[Event "ICS rated blitz match"]
[Site "204.178.125.65"]
[Date "1999.10.14"]
[Round "?"]
[White "Florina"]
[Black "Hossa"]
[Result "1/2-1/2"]
[WhiteElo "2194"]
[BlackElo "2418"]
[PlyCount "94"]
[EventDate "1999.??.??"]

1. e4 c5 2. Nf3 d6 3. d4 cxd4 4. Nxd4 Nf6 5. Nc3 a6 6. Bg5 Nc6 7. Qd2 e6 8.
O-O-O Be7 9. f3 O-O 10. g4 Bd7 11. Kb1 d5 12. Nxc6 bxc6 13. e5 Ne8 14. Bxe7
Qxe7 15. g5 Bc8 16. f4 Rb8 17. h4 Qb4 18. b3 c5 19. h5 c4 20. g6 fxg6 21. hxg6
hxg6 22. Rh3 cxb3 23. axb3 Rxf4 24. Bd3 g5 25. Bg6 g4 26. Rh4 Nc7 27. Rdh1 Kf8
28. Rh8+ Ke7 29. R8h7 Kd7 30. Rxg7+ Kc6 31. Rhh7 Rb7 32. Bd3 Nb5 33. Bxb5+ axb5
34. Rxb7 Bxb7 35. Kb2 Bc8 36. Qh2 Rf3 37. Qd2 Qa5 38. Qd4 b4 39. Na4 Rf5 40.
Rh8 Ba6 41. Rh6 Bc8 42. Rh8 Kc7 43. Rh7+ Kb8 44. Rh8 Kb7 45. Rh7+ Ka8 46. Rh8
Kb7 47. Rh7+ 47... Ka8 {Game drawn by mutual agreement} 1/2-1/2

[Event "ICS rated blitz match"]
[Site "204.178.125.65"]
[Date "1999.09.23"]
[Round "?"]
[White "Florina"]
[Black "Hossa"]
[Result "0-1"]
[WhiteElo "2000"]
[BlackElo "2277"]
[PlyCount "52"]
[EventDate "1999.??.??"]

1. e4 c5 2. c3 e6 3. d4 d5 4. e5 Nc6 5. Nf3 cxd4 6. cxd4 Bb4+ 7. Nc3 Nge7 8.
Bd3 Bd7 9. Be3 Rc8 10. O-O O-O 11. Bxh7+ Kxh7 12. Ng5+ Kg6 13. Ne2 Nxd4 14.
Qxd4 Rc4 15. Qd3+ Nf5 16. h3 f6 17. g4 fxg5 18. gxf5+ Kf7 19. fxe6+ Bxe6 20.
Nd4 Bxh3 21. Rac1 Bxf1 22. Qxf1 Rxc1 23. Qxc1 Qe7 24. Bxg5 Qxe5 25. Nf3 Qf5 26.
Qc7+ 26... Kg8 {Florina resigns} 0-1

[Event "ICS rated blitz match"]
[Site "204.178.125.65"]
[Date "1999.09.22"]
[Round "?"]
[White "Florina"]
[Black "Hossa"]
[Result "1-0"]
[WhiteElo "1972"]
[BlackElo "2289"]
[PlyCount "119"]
[EventDate "1999.??.??"]

1. e4 e6 2. d4 d5 3. e5 c5 4. c3 Nc6 5. Nf3 Qb6 6. a4 cxd4 7. cxd4 Bb4+ 8. Nc3
Nge7 9. Bd3 Bd7 10. Be3 Rc8 11. O-O Ba5 12. Nb5 Bb4 13. Ng5 h6 14. Qh5 O-O 15.
Nh7 Rfd8 16. Nf6+ gxf6 17. exf6 Nf5 18. Bxf5 exf5 19. Qxh6 Bf8 20. Qg5+ Kh8 21.
Qh5+ Kg8 22. Bh6 Nxd4 23. Qg5+ Kh7 24. Bxf8 Qxf6 25. Qxf6 Ne2+ 26. Kh1 Rxf8 27.
Ra3 f4 28. Qe7 Bxb5 29. axb5 Nd4 30. Rh3+ Kg6 31. Qd6+ Ne6 32. Qxd5 b6 33. g3
Rfd8 34. Qe4+ Kf6 35. gxf4 Rc5 36. Rh6+ Kg7 37. Rh7+ Kf6 38. Rg1 Rdd5 39. Rh6+
Ke7 40. Rxe6+ fxe6 41. Rg7+ Kd6 42. Rg6 Kc7 43. Qxe6 Rd7 44. f5 Rd1+ 45. Kg2
Rd7 46. f6 Rxb5 47. Rg7 Rxg7+ 48. fxg7 Rg5+ 49. Kf3 Rxg7 50. Qe5+ Kc6 51. Qxg7
a5 52. h4 b5 53. h5 a4 54. h6 b4 55. h7 Kb6 56. h8=Q a3 57. Qe5 axb2 58. Qhf6+
Kb7 59. Qee7+ Ka8 60. Qff8# {Hossa checkmated} 1-0

[Event "ICS rated blitz match"]
[Site "204.178.125.65"]
[Date "1999.09.23"]
[Round "?"]
[White "Florina"]
[Black "Hossa"]
[Result "0-1"]
[WhiteElo "1990"]
[BlackElo "2287"]
[PlyCount "50"]
[EventDate "1999.??.??"]

1. e4 c5 2. c3 e6 3. d4 d5 4. e5 Nc6 5. Nf3 cxd4 6. cxd4 Bb4+ 7. Nc3 Nge7 8.
Bd3 Bd7 9. O-O Rc8 10. Be3 O-O 11. Bxh7+ Kxh7 12. Ng5+ Kg6 13. Ne2 Nxd4 14.
Nf4+ Kf5 15. g4+ Kxg5 16. Nxe6+ Kg6 17. Nxd8 Nf3+ 18. Qxf3 Rfxd8 19. Qf4 Rc4
20. Qg5+ Kh7 21. Qxe7 Rxg4+ 22. Kh1 Bxe7 23. Rg1 d4 24. Rxg4 Bxg4 25. Bf4 25...
Bf3+ {Florina resigns} 0-1

[Event "ICS rated blitz match"]
[Site "204.178.125.65"]
[Date "1999.09.17"]
[Round "?"]
[White "Florina"]
[Black "Hossa"]
[Result "1-0"]
[WhiteElo "2047"]
[BlackElo "2483"]
[PlyCount "62"]
[EventDate "1999.??.??"]

1. e4 c5 2. Nf3 Nc6 3. d4 cxd4 4. Nxd4 Nf6 5. Nc3 Nxd4 6. Qxd4 b6 7. Bc4 e6 8.
f3 Bc5 9. Qd3 O-O 10. Bg5 d6 11. O-O-O Bb7 12. Kb1 Rc8 13. Bb3 Qe7 14. g4 Rfd8
15. h4 Rd7 16. h5 h6 17. Bh4 Rdc7 18. g5 hxg5 19. Bxg5 Bb4 20. h6 Bxc3 21. bxc3
Rxc3 22. Qd2 Rxf3 23. hxg7 Nxe4 24. Qh2 Nd2+ 25. Rxd2 Rf1+ 26. Rxf1 f5 27. Bxe7
Bf3 28. Bxe6+ Kxg7 29. Bxc8 Bg4 30. Rxd6 Bh3 31. Qe5+ 31... Kf7 {Hossa resigns}
1-0

[Event "ICS rated blitz match"]
[Site "204.178.125.65"]
[Date "1999.10.07"]
[Round "?"]
[White "Florina"]
[Black "Hossa"]
[Result "1-0"]
[WhiteElo "2286"]
[BlackElo "2508"]
[PlyCount "129"]
[EventDate "1999.??.??"]

1. e4 d5 2. e5 c5 3. c3 Nc6 4. d4 Bf5 5. Bd3 Bxd3 6. Qxd3 e6 7. f4 cxd4 8. cxd4
Bb4+ 9. Nc3 Nge7 10. Nf3 O-O 11. O-O Nf5 12. Be3 Bxc3 13. bxc3 Rc8 14. Bf2 Na5
15. g4 Ne7 16. f5 Qd7 17. Bh4 exf5 18. Bxe7 Qxe7 19. gxf5 Nc4 20. Kh1 Qa3 21.
Rg1 Kh8 22. Rg3 f6 23. Rag1 Rc7 24. exf6 Rxf6 25. Ne5 Nd6 26. Ng4 Rxf5 27. Rf3
Rxf3 28. Qxf3 Ne4 29. Ne5 g6 30. Qf4 Rxc3 31. Nxg6+ Kg7 32. Ne7+ Ng3+ 33. Rxg3+
Rxg3 34. Qxg3+ Qxg3 35. hxg3 Kf6 36. Nxd5+ Kf5 37. Kg2 Ke4 38. Nf6+ Kxd4 39.
Nxh7 Kc3 40. g4 Kd4 41. g5 Ke5 42. Kg3 Kf5 43. Kh4 Kg6 44. Nf6 b5 45. Ng4 a5
46. Ne5+ Kg7 47. Nc6 a4 48. a3 Kg6 49. Kg4 b4 50. Nxb4 Kg7 51. Kf5 Kg8 52. Kg6
Kf8 53. Kh7 Ke7 54. g6 Kd6 55. g7 Kc5 56. g8=Q Kd4 57. Qg3 Kc5 58. Qc3+ Kd6 59.
Qd4+ Kc7 60. Qc5+ Kb7 61. Qc6+ Kb8 62. Qd7 Ka8 63. Nd5 Kb8 64. Qc7+ Ka8 65.
Nb6# {Hossa checkmated} 1-0

[Event "ICS rated blitz match"]
[Site "204.178.125.65"]
[Date "1999.10.11"]
[Round "?"]
[White "Florina"]
[Black "Hossa"]
[Result "0-1"]
[WhiteElo "2204"]
[BlackElo "2460"]
[PlyCount "112"]
[EventDate "1999.??.??"]

1. e4 c5 2. Nf3 e6 3. d4 cxd4 4. Nxd4 Nf6 5. Nc3 d6 6. Bg5 Be7 7. Qd2 O-O 8.
O-O-O d5 9. e5 Nfd7 10. h4 Nxe5 11. Kb1 Bxg5 12. hxg5 Ng6 13. f4 Nc6 14. Nxc6
bxc6 15. Bd3 Rb8 16. Qe2 Qb6 17. Na4 Qb4 18. Qh5 f5 19. gxf6 Rxf6 20. Qxh7+ Kf7
21. b3 Qxa4 22. Rh6 Nf8 23. Rxf6+ Kxf6 24. Qh4+ Kf7 25. Qh5+ Kg8 26. Rh1 Qb4
27. Bh7+ Nxh7 28. Qxh7+ Kf7 29. Qh5+ Ke7 30. Qg5+ Kd6 31. Qe5+ Kc5 32. Rh3 Rb7
33. c3 Qe4+ 34. Qxe4 dxe4 35. Kc2 Rf7 36. Rh5+ Rf5 37. Rh7 Rxf4 38. Rxg7 Rf2+
39. Kb1 e3 40. Rg5+ Kd6 41. Rg4 e2 42. Re4 Rf1+ 43. Kc2 e1=Q 44. Rxe1 Rxe1 45.
Kd2 Rg1 46. c4 Rxg2+ 47. Kd3 Rxa2 48. Kd4 e5+ 49. Ke4 Rb2 50. c5+ Ke6 51. Kd3
Rxb3+ 52. Kc4 Ra3 53. Kb4 Rg3 54. Kc4 Rh3 55. Kb4 Kd5 56. Ka4 56... Kxc5 {
Florina resigns} 0-1

[Event "ICS rated blitz match"]
[Site "204.178.125.65"]
[Date "1999.09.30"]
[Round "?"]
[White "Florina"]
[Black "Hossa"]
[Result "0-1"]
[WhiteElo "2291"]
[BlackElo "2453"]
[Annotator "Fritz 5.32 (20s)"]
[PlyCount "35"]
[EventDate "1999.??.??"]

1. e4 d5 2. e5 c5 3. c3 Nc6 4. d4 Bf5 5. Bd3 Bxd3 6. Qxd3 e6 7. Nf3 Qc7 8. a3
Nge7 9. b4 $17 (9. O-O $5 $11 {ist zu ueberlegen} 9... Nf5 10. Re1 Be7 11. Nbd2
O-O 12. dxc5 Bxc5 13. b4 Bb6 14. c4 dxc4 15. Qxc4 Qe7 16. Bb2 Rac8 17. Qg4 Rfd8
18. Nc4 Bc7 19. Rad1 b5 20. Ncd2 a5 21. Bc3 axb4 22. axb4 Rd3 23. Ne4 23...
Rcd8 {Sinigaeva,A-Maschenko,A/Kaluga 1996/EXT 99/0-1 (68)}) 9... cxd4 {
Schwarz fuehrt die Partie kraftvoll zu Ende} 10. cxd4 Nxd4 11. Nxd4 (11. Qxd4
$142 11... Qxc1+ 12. Qd1 Qxd1+ 13. Kxd1 $17) 11... Qxc1+ 12. Qd1 Qb2 13. Qa4+
Kd8 14. O-O (14. Nb3 $19) 14... Qxa1 15. Qa5+ (15. Rd1 $19 {
ist der letzte Strohhalm}) 15... b6 16. Qa6 (16. Nb3 {
aendert den traurigen Lauf der Dinge nicht} 16... Qxb1 $1 {kraeftig gespielt}
17. Qxd5+ Nxd5 18. Rxb1 a5 19. bxa5 19... bxa5 $19) 16... Qxd4 17. Qb7 Rc8 18.
Qxa7 0-1

[Event "ICS rated blitz match"]
[Site "204.178.125.65"]
[Date "1999.09.29"]
[Round "?"]
[White "Florina"]
[Black "Hossa"]
[Result "0-1"]
[WhiteElo "2249"]
[BlackElo "2459"]
[Annotator "Fritz 5.32 (20s)"]
[PlyCount "34"]
[EventDate "1999.??.??"]

1. e4 e5 2. Nf3 Nc6 3. Bc4 Bc5 4. b4 Bxb4 5. c3 Be7 6. d4 Bf6 7. O-O (7. Qb3
Qe7 8. Ba3 d6 9. O-O Nh6 10. Nbd2 O-O 11. d5 Na5 12. Qb2 Nxc4 13. Nxc4 Re8 14.
Na5 g6 15. c4 b6 16. Nc6 Qd7 17. Rac1 Bg7 18. h3 f5 19. Nd2 Qf7 20. Nb4 Kh8 21.
Nc2 21... Bd7 {Sveshnikov,V-Florjancic,R/Bled 1998/EXT 99/0-1 (45)}) 7... Nge7
8. Ba3 $17 (8. dxe5 Bxe5 9. Nxe5 Nxe5 10. Bb3 d6 11. f4 Ng4 12. h3 Nf6 13. Nd2
Be6 14. c4 Nc6 15. Bb2 Qe7 16. Ba3 O-O-O 17. Rb1 g6 18. e5 Nd7 19. Ba4 Na5 20.
Rb5 Nxc4 21. Nxc4 Bxc4 22. Qc1 22... Qe6 {
Nunn,J-Gumrukcuoglu,E/La Valetta 1980/MCD/1-0 (39)}) (8. d5 Na5 9. Be2 9... b6
$15) 8... O-O $15 (8... exd4 9. cxd4 d5 10. exd5 Nxd5 11. Re1+ Be6 12. Nbd2 $17
) 9. Nbd2 $17 (9. d5 $5 9... Na5 10. Bd3 $17) 9... exd4 {
Schwarz zwingt den Gegner mit starken Drohungen nieder} 10. cxd4 {
Schwarz darf Weiss nun nicht zu e5 kommen lassen} 10... Bxd4 ({Und nicht} 10...
Nxd4 11. e5 Nxf3+ 12. Nxf3 Bxe5 13. Nxe5 $14) 11. Ng5 (11. Nxd4 $5 11... Nxd4
12. Bb2 $17) 11... h6 (11... Bxa1 $6 12. Qh5 h6 13. Nxf7 Rxf7 14. Bxf7+ Kh7 15.
Rxa1 $15) 12. Nxf7 Rxf7 13. Qh5 (13. Bxf7+ Kxf7 14. Qb3+ Kf8 15. Qf3+ Bf6 16.
Bb2 $19) 13... d5 14. exd5 b5 (14... Bxa1 $6 {ist klar schwaecher} 15. dxc6 Qe8
16. cxb7 Bxb7 17. Rxa1 $14) 15. Bxb5 $2 (15. Bb3 15... Ne5 $1 {
nun ist alles klar} 16. d6 cxd6 17. Rae1 $19) 15... Rf5 16. Qh4 (16. Qe2 {
waere gleichermassen fruchtlos} 16... Bxa1 17. dxc6 17... Re5 $19) 16... Bxa1
17. Rxa1 (17. dxc6 {aendert nichts am Ausgang der Partie} 17... Rxb5 18. Qxe7
Qxe7 19. Bxe7 19... Bc3 $19) 17... Nxd5 (17... Nxd5 18. Qxd8+ 18... Nxd8 $19) (
{Schlechter scheint} 17... Rxd5 18. Bc4 Be6 19. Bxd5 Qxd5 20. Nb3 $19) (17...
Qxd5 18. Bc4 Ba6 19. Bxd5+ Rxd5 20. Bxe7 Rxd2 21. Qe4 $18) 0-1

[Event "ICS rated blitz match"]
[Site "204.178.125.65"]
[Date "1999.09.30"]
[Round "?"]
[White "Florina"]
[Black "Hossa"]
[Result "0-1"]
[WhiteElo "2235"]
[BlackElo "2473"]
[Annotator "Fritz 5.32 (20s)"]
[PlyCount "42"]
[EventDate "1999.??.??"]

1. e4 e5 2. Nf3 Nc6 3. Bc4 Bc5 4. b4 Bxb4 5. c3 Be7 6. d4 Bf6 7. Nxe5 $17 (7.
dxe5 $5 {bedarf naeherer Analyse} 7... Nxe5 8. Nxe5 Bxe5 9. Bxf7+ Kxf7 10. Qh5+
g6 11. Qxe5 $11) (7. O-O Nge7 8. dxe5 Bxe5 9. Nxe5 Nxe5 10. Bb3 d6 11. f4 Ng4
12. h3 Nf6 13. Nd2 Be6 14. c4 Nc6 15. Bb2 Qe7 16. Ba3 O-O-O 17. Rb1 g6 18. e5
Nd7 19. Ba4 Na5 20. Rb5 Nxc4 21. Nxc4 21... Bxc4 {
Nunn,J-Gumrukcuoglu,E/La Valetta 1980/MCD/1-0 (39)}) (7. Qb3 Qe7 8. Ba3 d6 9.
O-O Nh6 10. Nbd2 (10. Bd5 O-O 11. dxe5 Bxe5 12. Nxe5 Nxe5 13. Nd2 c6 14. Bc4
Re8 15. Be2 Qc7 16. c4 Kh8 17. f4 Nd7 18. Kh1 Nc5 19. Qg3 f5 20. exf5 Nxf5 21.
Qf2 Qa5 22. Bxc5 Qxc5 23. Qxc5 dxc5 24. Ne4 b6 25. Ng5 Kg8 26. Bf3 Nd4 27. Be4
Bf5 28. Rae1 Rf8 29. g4 Bxe4+ 30. Nxe4 Rad8 31. Kg2 {
0-1 Sukhareva,O-Gracheva,T/Kolontaevo 1997/EXT 99 (31)}) 10... O-O 11. d5 Na5
12. Qb2 Nxc4 13. Nxc4 Re8 14. Na5 g6 15. c4 b6 16. Nc6 Qd7 17. Rac1 Bg7 18. h3
f5 19. Nd2 Qf7 20. Nb4 Kh8 21. Nc2 21... Bd7 {
Sveshnikov,V-Florjancic,R/Bled 1998/EXT 99/0-1 (45)}) 7... Bxe5 (7... Nxe5 $6
8. dxe5 Bxe5 9. Bxf7+ Kxf7 10. Qh5+ g6 11. Qxe5 $11) 8. dxe5 Nxe5 9. Bb3 Ne7
10. f4 N5c6 11. O-O b6 12. Be3 (12. Qg4 12... O-O $17) 12... O-O 13. Nd2 Ba6
14. Rf3 d5 15. e5 d4 16. cxd4 (16. Bf2 16... Qd7 $17) 16... Nxd4 17. Rh3 (17.
Rf2 Ndf5 18. Qf3 Nxe3 19. Qxe3 19... Nf5 $17) 17... Be2 18. Qe1 Nef5 19. Bxd4
$2 $19 (19. Bd1 $17 $142) 19... Qxd4+ (19... Nxd4 $6 20. Rc3 $17) 20. Kh1 Bg4
21. Nf3 Qxf4 (21... Qxf4 22. Rh4 Nxh4 23. Qxh4 23... Qf5 $19) 0-1

[Event "ICS rated blitz match"]
[Site "204.178.125.65"]
[Date "1999.10.11"]
[Round "?"]
[White "Florina"]
[Black "Hossa"]
[Result "0-1"]
[WhiteElo "2198"]
[BlackElo "2472"]
[PlyCount "72"]
[EventDate "1999.??.??"]

1. e4 c5 2. Nf3 e6 3. d4 cxd4 4. Nxd4 Nf6 5. Be3 Nxe4 6. Bd3 d5 7. Nc3 Nxc3 8.
bxc3 e5 9. Nb3 Nc6 10. Qh5 g6 11. Qd1 Bg7 12. Qd2 Bg4 13. f3 Be6 14. h4 O-O 15.
h5 gxh5 16. Rxh5 f5 17. Bh6 Bf7 18. Rh2 Bxh6 19. Rxh6 Bg6 20. O-O-O Qd6 21.
Rdh1 a5 22. g4 Ne7 23. Qg5 Rf7 24. gxf5 Nxf5 25. Bxf5 Rxf5 26. Qh4 Rf7 27. Kb1
Rc8 28. Qa4 Rxc3 29. Qxa5 Rxc2 30. Rxg6+ Qxg6 31. Ka1 Qd6 32. Qb5 Rxf3 33. Qe8+
Rf8 34. Qh5 Qc7 35. Rg1+ Kh8 36. Qg5 36... Qc3+ {Florina resigns} 0-1

[Event "ICS rated blitz match"]
[Site "204.178.125.65"]
[Date "1999.10.11"]
[Round "?"]
[White "Florina"]
[Black "Hossa"]
[Result "1/2-1/2"]
[WhiteElo "2204"]
[BlackElo "2466"]
[PlyCount "56"]
[EventDate "1999.??.??"]

1. e4 c5 2. Nf3 e6 3. d4 cxd4 4. Nxd4 Nf6 5. Nc3 d6 6. g4 Nfd7 7. Be3 Be7 8.
Be2 Nc6 9. Qd2 Nxd4 10. Bxd4 Bg5 11. Be3 Bxe3 12. Qxe3 O-O 13. O-O-O Nf6 14. g5
Ne8 15. f4 b6 16. h4 Bb7 17. Kb1 Qe7 18. h5 f5 19. gxf6 Rxf6 20. Rhg1 Rd8 21.
e5 Rf8 22. Bd3 d5 23. Ne2 Bc8 24. Nd4 Qh4 25. Rdf1 Rf7 26. Rh1 Qe7 27. Rhg1 Qh4
28. Rh1 28... Qe7 {Game drawn by mutual agreement} 1/2-1/2

[Event "ICS rated blitz match"]
[Site "204.178.125.65"]
[Date "1999.09.18"]
[Round "?"]
[White "Florina"]
[Black "Hossa"]
[Result "1-0"]
[WhiteElo "2074"]
[BlackElo "2439"]
[Annotator "Fritz 5.32 (20s)"]
[PlyCount "59"]
[EventDate "1999.??.??"]

1. e4 1... d5 {Opening = B01 - 1.e4 d5} 2. e5 c5 3. c3 Nc6 4. d4 Bf5 5. Bd3
Bxd3 6. Qxd3 e6 7. Nf3 cxd4 (7... Qc7 8. a3 Nge7 9. O-O Nf5 10. Re1 Be7 11.
Nbd2 O-O 12. dxc5 Bxc5 13. b4 Bb6 14. c4 dxc4 15. Qxc4 Qe7 16. Bb2 Rac8 17. Qg4
Rfd8 18. Nc4 Bc7 19. Rad1 b5 20. Ncd2 a5 21. Bc3 axb4 22. axb4 {
Sinigaeva,A-Maschenko,A/Kaluga 1996/EXT 99/0-1 (68)}) 8. cxd4 Bb4+ 9. Nc3 $146
(9. Bd2 Qb6 10. Bxb4 Qxb4+ 11. Qc3 Rc8 12. Qxb4 Nxb4 13. Na3 Nd3+ 14. Ke2 Nxb2
15. Rab1 Nc4 16. Nxc4 dxc4 17. Rxb7 Ne7 18. Rc1 Nd5 19. Nd2 c3 20. Ne4 O-O 21.
Rb3 Rc4 22. Kd3 Rfc8 23. Nxc3 Nf4+ 24. Ke3 Nxg2+ 25. Ke4 f5+ 26. Kf3 Nh4+ 27.
Ke3 g5 28. Kd3 Nf3 29. h3 f4 30. a3 Rxd4+ 31. Ke2 Nxe5 32. Rd1 Rxd1 33. Nxd1
Rc7 34. Rb8+ Kg7 35. Nb2 Nc6 36. Ra8 Ne5 37. Nd1 Kg6 38. f3 Rc2+ 39. Kf1 Nxf3
40. Nf2 Rc7 41. a4 Nd4 42. Rg8+ Rg7 43. Rd8 43... Nf5 {
Woerner,D-Schroeder,W/Badenweiler 1995/EXT 98/0-1 (56)}) 9... Nge7 10. O-O O-O
11. Ng5 {Droht Matt. Weiss geht zum Angriff ueber} 11... Nf5 12. g4 h6 13. gxf5
{Der Standardhebel} 13... hxg5 14. f4 gxf4 15. Rxf4 15... Qb6 $16 (15... exf5
$5 $142 {ist zu erwaegen} 16. Qxf5 16... Ne7 $11) 16. Be3 $11 (16. Rh4 $5 16...
Nxd4 17. Rxd4 $16 (17. Qxd4 Bc5 18. Be3 Bxd4 19. Bxd4 Qxb2 20. Nxd5 Qxa1+ 21.
Bxa1 21... exd5 $19)) 16... Be7 $2 $18 (16... Bxc3 $142 {ist noch spielbar} 17.
bxc3 17... exf5 $11) 17. f6 Bxf6 (17... Qxb2 18. Rc1 18... Rfc8 $18) 18. exf6 {
Mit der Mattdrohung Rg4} 18... Qxb2 (18... g6 $18) 19. Rb1 (19. Rg4 Qxa1+ 20.
Kg2 Qb2+ 21. Kg3 Qxh2+ 22. Kxh2 Rfc8 23. Rxg7+ Kf8 24. Qh7 Ke8 25. Rxf7 Ne7 26.
Rxe7+ Kd8 27. Qg8#) 19... Nb4 20. Qd2 (20. Nxd5 $5 $142 {
erleichterte Weiss die Gewinnfuehrung} 20... exd5 (20... Nxd3 $4 {zu gefraessig
} 21. Ne7+ Kh8 22. Rh4#) 21. Qf5 Qc2 22. fxg7 Qxf5 23. gxf8=R+ Kxf8 24. Rxf5
24... a5 $18) 20... Qxd2 21. Bxd2 a5 22. Rg4 g6 23. Nb5 (23. Bh6 Nd3 24. Rg3
Rfc8 25. Rxd3 25... g5 $18) 23... Nxa2 $2 (23... Rfc8 $18 $142) 24. Bh6 Rfd8 (
24... Rfc8 25. Nd6 b6 26. Rh4 g5 27. Rh5 Rc1+ 28. Rxc1 Nxc1 29. Bg7 Ne2+ 30.
Kf2 Nxd4 31. Rh8#) 25. Bg7 g5 26. Rxg5 26... Kh7 {
Mit Rac8 waere Schwarz nun aus dem Groebsten heraus} 27. Rb3 Nc3 28. Rxc3 Kg8
29. Rh3 b6 (29... a4 {nuetzt auch nichts mehr} 30. Rh8#) 30. Rh8# 1-0

[Event "ICS rated blitz match"]
[Site "204.178.125.65"]
[Date "1999.10.09"]
[Round "?"]
[White "Florina"]
[Black "Hossa"]
[Result "0-1"]
[WhiteElo "2229"]
[BlackElo "2498"]
[PlyCount "82"]
[EventDate "1999.??.??"]

1. e4 e5 2. Nf3 Nc6 3. Bc4 Bc5 4. b4 Bxb4 5. c3 Be7 6. d4 Bf6 7. O-O Nge7 8.
dxe5 Nxe5 9. Nxe5 Bxe5 10. f4 Bd6 11. Kh1 O-O 12. Qh5 b6 13. f5 b5 14. Bb3 Be5
15. Bg5 Bb7 16. f6 gxf6 17. Bh6 Bxe4 18. h4 Bg6 19. Qg4 f5 20. Qf3 Nc6 21. g3
f4 22. Bxf4 Bxf4 23. Qxf4 Rb8 24. Nd2 d5 25. Nf3 Be4 26. Kh2 Qd6 27. Qe3 Rfe8
28. Ng5 Bf5 29. Qf2 Re5 30. Rae1 Rxe1 31. Rxe1 Qd7 32. Qc5 Rd8 33. Qxb5 f6 34.
Qc5 fxg5 35. hxg5 Qd6 36. Qf2 Rf8 37. Rf1 Be4 38. Qe2 Rxf1 39. Qxf1 Ne5 40. Qf4
Nf3+ 41. Kh3 41... Qe7 {Florina resigns} 0-1

[Event "ICS rated blitz match"]
[Site "204.178.125.65"]
[Date "1999.10.09"]
[Round "?"]
[White "Florina"]
[Black "Hossa"]
[Result "0-1"]
[WhiteElo "2234"]
[BlackElo "2493"]
[PlyCount "61"]
[EventDate "1999.??.??"]

1. e4 e5 2. Nf3 Nc6 3. Bc4 Bc5 4. b4 Bxb4 5. c3 Be7 6. d4 Bf6 7. O-O Nge7 8.
dxe5 Nxe5 9. Nxe5 Bxe5 10. f4 Bd6 11. Be3 O-O 12. Nd2 Nc6 13. e5 Be7 14. Qh5 d5
15. Bd3 g6 16. Qh6 Re8 17. Nf3 Bf8 18. Qg5 Qxg5 19. Nxg5 f6 20. Nf3 fxe5 21.
fxe5 Nxe5 22. Nxe5 Rxe5 23. Bd4 Re6 24. c4 c6 25. cxd5 cxd5 26. Rac1 Bd6 27.
Rf2 Bd7 28. Rcf1 Be5 29. Bxe5 Rxe5 30. Rf7 Bf5 31. g4 {Florina resigns} 0-1

[Event "ICS rated blitz match"]
[Site "204.178.125.65"]
[Date "1999.10.09"]
[Round "?"]
[White "Florina"]
[Black "Hossa"]
[Result "0-1"]
[WhiteElo "2241"]
[BlackElo "2486"]
[PlyCount "46"]
[EventDate "1999.??.??"]

1. e4 e5 2. Nf3 Nc6 3. Bc4 Bc5 4. b4 Bxb4 5. c3 Be7 6. d4 Bf6 7. O-O Nge7 8.
dxe5 Nxe5 9. Nxe5 Bxe5 10. f4 Bd6 11. f5 Nc6 12. Qh5 Ne5 13. Bb3 O-O 14. f6
gxf6 15. Bh6 Re8 16. Nd2 Bc5+ 17. Kh1 Bf8 18. Nf3 d5 19. Bxd5 Bg4 20. Bxf7+ Kh8
21. Qh4 Nxf7 22. Bxf8 Bxf3 23. Rxf3 23... Rxf8 {Florina resigns} 0-1

[Event "ICS rated blitz match"]
[Site "204.178.125.65"]
[Date "1999.09.24"]
[Round "?"]
[White "Florina"]
[Black "Hossa"]
[Result "0-1"]
[WhiteElo "2021"]
[BlackElo "2395"]
[PlyCount "112"]
[EventDate "1999.??.??"]

1. e4 c6 2. d4 d5 3. e5 e6 4. Bd3 c5 5. c3 cxd4 6. cxd4 Nc6 7. Nf3 Bb4+ 8. Nc3
Nge7 9. O-O Bd7 10. Be3 Rc8 11. Rc1 Bxc3 12. bxc3 h6 13. Ne1 O-O 14. f4 Na5 15.
Qh5 Nc4 16. Bf2 Nd2 17. g4 Nxf1 18. Kxf1 f6 19. Be3 Be8 20. Qh3 fxe5 21. dxe5
Ng6 22. Ng2 Nxe5 23. Bb1 Qg5 24. Kg1 Qxg4 25. Qxg4 Nxg4 26. Bd4 b6 27. Re1 Rc6
28. h3 Nf6 29. Nh4 Nh7 30. Be5 g5 31. Ng6 Bxg6 32. Bxg6 gxf4 33. Kf2 Ng5 34. h4
Nf7 35. Bxf7+ Rxf7 36. Rg1+ Kh7 37. h5 b5 38. Rg6 f3 39. Bd4 Ra6 40. Be3 Rxa2+
41. Kf1 Rf5 42. Rxh6+ Kg8 43. Rg6+ Kf7 44. Rg5 Rxg5 45. Bxg5 Rc2 46. h6 Kg6 47.
Be3 a5 48. h7 Kxh7 49. Bd4 b4 50. Ke1 f2+ 51. Bxf2 b3 52. Be3 b2 53. Bd2 b1=Q+
54. Ke2 Qc1 55. Ke3 Qxd2+ 56. Kf3 56... Rxc3+ {Florina resigns} 0-1

[Event "ICS rated blitz match"]
[Site "204.178.125.65"]
[Date "1999.10.09"]
[Round "?"]
[White "Florina"]
[Black "Hossa"]
[Result "0-1"]
[WhiteElo "2271"]
[BlackElo "2456"]
[PlyCount "58"]
[EventDate "1999.??.??"]

1. e4 e5 2. Nf3 Nc6 3. Bc4 Bc5 4. b4 Bxb4 5. c3 Be7 6. d4 Bf6 7. O-O Nge7 8.
dxe5 Nxe5 9. Nxe5 Bxe5 10. f4 Bd6 11. f5 Nc6 12. Qh5 Ne5 13. Bb3 O-O 14. f6
gxf6 15. Bh6 Re8 16. Nd2 Bc5+ 17. Kh1 Bf8 18. Nf3 d5 19. Bxd5 Bg4 20. Qh4 Bxf3
21. Rxf3 Nxf3 22. gxf3 Bxh6 23. Qxh6 Kh8 24. Bxf7 Rf8 25. Be6 Qd3 26. Rg1 Qxf3+
27. Rg2 Rg8 28. Bxg8 Rxg8 29. Qd2 29... Qf1+ {Florina resigns} 0-1

[Event "ICS rated blitz match"]
[Site "204.178.125.65"]
[Date "1999.10.09"]
[Round "?"]
[White "Florina"]
[Black "Hossa"]
[Result "0-1"]
[WhiteElo "2222"]
[BlackElo "2505"]
[PlyCount "74"]
[EventDate "1999.??.??"]

1. e4 e5 2. Nf3 Nc6 3. Bc4 Bc5 4. b4 Bxb4 5. c3 Be7 6. d4 Bf6 7. O-O Nge7 8.
dxe5 Nxe5 9. Nxe5 Bxe5 10. Qh5 Ng6 11. f4 Bd6 12. Be3 O-O 13. Rf3 Qh4 14. Qd5
Bxf4 15. Bxf4 Nxf4 16. Qf5 Qe1+ 17. Rf1 Qe3+ 18. Kh1 Ne6 19. Na3 Qxc3 20. Rae1
Qxa3 21. Rf3 Qb4 22. Rc1 d6 23. Rh3 h6 24. e5 d5 25. Bd3 Ng5 26. Qf2 Bxh3 27.
gxh3 Qa3 28. Bb1 Qxc1+ 29. Kg2 Qxb1 30. h4 Ne4 31. Qe2 Nc3 32. Qd2 Qxa2 33.
Qxa2 Nxa2 34. h5 Rae8 35. Kf3 Rxe5 36. Kf4 Rfe8 37. Kg3 37... Re3+ {
Florina resigns} 0-1

[Event "ICS rated blitz match"]
[Site "204.178.125.65"]
[Date "1999.09.18"]
[Round "?"]
[White "Florina"]
[Black "Hossa"]
[Result "0-1"]
[WhiteElo "2061"]
[BlackElo "2444"]
[PlyCount "54"]
[EventDate "1999.??.??"]

1. e4 g6 2. h4 e5 3. h5 Bg7 4. Nc3 Nh6 5. d3 Nc6 6. Be2 d6 7. Be3 f5 8. exf5
Nxf5 9. Qd2 Nxe3 10. fxe3 Qg5 11. O-O-O Qxg2 12. Nf3 Qg4 13. Rdg1 Qe6 14. d4
exd4 15. exd4 Qf7 16. hxg6 hxg6 17. Rxh8+ Bxh8 18. Re1 Kd8 19. Bc4 Qxf3 20.
Qg5+ Qf6 21. Qe3 Bd7 22. Nd5 Qxd4 23. Qg5+ Kc8 24. Ne7+ Nxe7 25. Qxe7 Qxb2+ 26.
Kd2 Qc3+ 27. Ke2 27... Bg4+ {Florina resigns} 0-1